| 000 | 00617nam a2200217Ia 4500 | ||
|---|---|---|---|
| 003 | OSt | ||
| 005 | 20241014105553.0 | ||
| 008 | 210719s2003 xx 000 0 und d | ||
| 040 | _cAL | ||
| 041 | _aTulu | ||
| 082 | _aT894.2 ANAD | ||
| 100 |
_aANANDA (Pa Kra) _dಆನಂದ (ಪಾ ಕ್ರಾ) _9182204 |
||
| 245 |
_aDaivo nirnayo _bದೈವೋ ನಿರ್ಣಯೋ |
||
| 260 |
_aPuttur _bAnanda Prakashana _c2003 |
||
| 300 |
_a44 _bPB |
||
| 365 |
_b20 _cRs |
||
| 650 |
_aTulu Drama _9182205 |
||
| 650 |
_aತುಳು ನಾಟಕ _9182206 |
||
| 906 | _aDaivo ; nataka ; nirnayo ; Tulu | ||
| 942 |
_2ddc _cBK |
||
| 999 |
_c214815 _d214815 |
||